MARC details
| 000 -LEADER |
| fixed length control field |
02744cad a22003855a 4500 |
| 005 - DATE AND TIME OF LATEST TRANSACTION |
| control field |
20260424103613.0 |
| 008 - FIXED-LENGTH DATA ELEMENTS--GENERAL INFORMATION |
| fixed length control field |
260317e2026 xxk 000 0 eng u |
| 020 ## - INTERNATIONAL STANDARD BOOK NUMBER |
| International Standard Book Number |
9781783215522 |
| 035 ## - SYSTEM CONTROL NUMBER |
| System control number |
(Sirsi) u159303 |
| 041 0# - LANGUAGE CODE |
| Language code of text/sound track or separate title |
eng |
| 050 04 - LIBRARY OF CONGRESS CALL NUMBER |
| Classification number |
333.33 $2 18 |
| 110 2# - MAIN ENTRY--CORPORATE NAME |
| Corporate name or jurisdiction name as entry element |
Royal Institution of Chartered Surveyors |
| 9 (RLIN) |
4900 |
| 245 00 - TITLE STATEMENT |
| Title |
Service charge residential management code |
| Remainder of title |
and additional advice to landlords, leaseholders and agents |
| Medium |
[electronic resource] |
| 250 ## - EDITION STATEMENT |
| Edition statement |
4th edition |
| 260 ## - PUBLICATION, DISTRIBUTION, ETC. |
| Place of publication, distribution, etc. |
London, |
| Name of publisher, distributor, etc. |
RICS, |
| Date of publication, distribution, etc. |
March 2026 |
| 490 ## - SERIES STATEMENT |
| Series statement |
RICS Professional Standard |
| 500 ## - GENERAL NOTE |
| General note |
On 30 March 2026, section 10.10 of the code was amended to refer to updated guidance from LEASE on section 20 consultation. |
| 520 ## - SUMMARY, ETC. |
| Summary, etc. |
Comes into effect 7 April 2026 |
| 520 ## - SUMMARY, ETC. |
| Summary, etc. |
The 4th edition of the code, reviewed by the Ministry of Housing, Communities and Local Government (MHCLG) and approved by the Secretary of State, is effective from 7 April 2026. It applies only to residential leasehold properties in England, but practitioners operating in other parts of the UK are encouraged to follow the best practice guidelines contained in the code.<br/><br/>This code is written to promote desirable practices in respect of the management of residential leasehold property, with the latest edition of the code reflecting recent developments in legislation, such as the Building Safety Act (2022) and the Fire Safety Act (2021) and good practice. Effective property management requires cooperation and a shared understanding of procedures and potential problems.<br/><br/>The code is intended for RICS members and regulated firms acting as landlords, social housing landlords, leaseholders, managing agents, managers and occupiers of leasehold property. Additionally, parts are specifically intended for other parties such as property owners and professional advisers. |
| 520 ## - SUMMARY, ETC. |
| Summary, etc. |
Supersedes 3rd edition (ISBN 9781783211418) |
| 521 ## - TARGET AUDIENCE NOTE |
| Target audience note |
Advanced |
| 590 ## - LOCAL NOTE (RLIN) |
| Local note |
KA |
| 650 24 - SUBJECT ADDED ENTRY--TOPICAL TERM |
| Topical term or geographic name entry element |
LEASEHOLD AND FREEHOLD REFORM ACT 2024 |
| 650 24 - SUBJECT ADDED ENTRY--TOPICAL TERM |
| Topical term or geographic name entry element |
LANDLORD AND TENANT ACT 1985 |
| 650 24 - SUBJECT ADDED ENTRY--TOPICAL TERM |
| Topical term or geographic name entry element |
COMMONHOLD AND LEASEHOLD REFORM ACT 2002 |
| 650 24 - SUBJECT ADDED ENTRY--TOPICAL TERM |
| Topical term or geographic name entry element |
BUILDING SAFETY ACT 2022 |
| 650 24 - SUBJECT ADDED ENTRY--TOPICAL TERM |
| Topical term or geographic name entry element |
FIRE SAFETY ACT 2021 |
| 650 24 - SUBJECT ADDED ENTRY--TOPICAL TERM |
| Topical term or geographic name entry element |
CONSUMER RIGHTS ACT 2015 |
| 651 #4 - SUBJECT ADDED ENTRY--GEOGRAPHIC NAME |
| Geographic name |
England |
| 690 ## - LOCAL SUBJECT ADDED ENTRY--TOPICAL TERM (OCLC, RLIN) |
| Topical term or geographic name as entry element |
Landlord and tenant |
| 9 (RLIN) |
6252 |
| 690 ## - LOCAL SUBJECT ADDED ENTRY--TOPICAL TERM (OCLC, RLIN) |
| Topical term or geographic name as entry element |
Residential property |
| 9 (RLIN) |
6266 |
| 856 41 - ELECTRONIC LOCATION AND ACCESS |
| Uniform Resource Identifier |
<a href="https://www.rics.org/content/dam/ricsglobal/documents/standards/Service-Charge-Residential-Management-Code_4th-edition.pdf">https://www.rics.org/content/dam/ricsglobal/documents/standards/Service-Charge-Residential-Management-Code_4th-edition.pdf</a> |
| Public note |
View the Code free of charge at RICS.org |
| 856 41 - ELECTRONIC LOCATION AND ACCESS |
| Uniform Resource Identifier |
<a href="https://www.rics.org/content/dam/ricsglobal/documents/standards/Service-Charge-Residential-Management-Code_4th-edition_Basis-of-Conclusions.pdf">https://www.rics.org/content/dam/ricsglobal/documents/standards/Service-Charge-Residential-Management-Code_4th-edition_Basis-of-Conclusions.pdf</a> |
| Public note |
Basis of conclusions for 4th edition |
| 942 ## - ADDED ENTRY ELEMENTS (KOHA) |
| Suppress in OPAC |
0 |
| Source of classification or shelving scheme |
Dewey Decimal Classification |